000 00352nam a2200157Ia 4500
100 _aTanenbaum /Andrew S.
250 _a4
942 _cBK
366 _f20
654 _acomputer
245 _aComputer Networks : Protocols standards and interfaces
260 _bprentice hall
_c2003
082 _a4.65
_bTAN
300 _a891
546 _aENGLISH
999 _c28149
_d28149